ห้องสมุด วิทยาลัยพยาบาลบรมราชชนนี อุดรธานี Boromarajonani College of Nursing, Udonthani
mysqli: Table './ulib2015/stat_globaluid' is marked as crashed and last (automatic?) repair failed select id from stat_globaluid where statuid='20260418120717_3186' mysqli: Table './ulib2015/stat_globaluid' is marked as crashed and last (automatic?) repair failed DELETE FROM stat_globaluid
WHERE id NOT IN (
SELECT id
FROM (
SELECT id
FROM stat_globaluid
ORDER BY id DESC
LIMIT 100
) foo
); mysqli: Table './ulib2015/stat_globaluid' is marked as crashed and last (automatic?) repair failed insert into stat_globaluid set
statuid='20260418120717_3186',
dt='1776488837',
phpself='/ULIB/dublinfull.php',
agent='Mozilla/5.0 AppleWebKit/537.36 (KHTML, like Gecko; compatible; ClaudeBot/1.0; +claudebot@anthropic.com)',
yea='2026',
mon='4',
dat='18',
ip='216.73.216.142'
LEADER 00566nam 2200193 a 4500
001 8354
003 ULIBM
008 210710s2543 th m a000 0 tha d
024 9742960194
050 4 ^aWM 30.5^bข285ค 2543
245 00 ^aคู่มือวิทยากรเรื่องการให้การปรึกษาทางจิตใจและสังคม /^cจิตเวชขอนแก่น, โรงพยาบาล
250 ^aพิมพ์ครั้งที่ 1.
260 ^aขอนแก่น :^bขอนแก่นการพิม์,^c2543.
300 ^a 106 หน้า
650 7 ^aจิตเวช^xการรักษา.
710 2 ^aจิตเวชขอนแก่น, โรงพยาบาล
945 ^p0^l0^i5909
999 ^aลิขิตลักษณ์
คุณยังไม่ได้ล็อกอิน คุณสามารถมีกิจกรรมร่วมกับเว็บไซต์ได้ แต่ต้องล็อกอินก่อน ::
ลำดับที่
ประเภท
เลขเรียก /บาร์โค้ด
สถานที่
สถานะ
1.
หนังสือการพยาบาล WM 30.5 ข285ค 2543 Barcode: 5909 หนังสือทั่วไป On Shelf [แสดง 1/1 รายการ]
mysqli: Can't create/write to file '/var/tmp/#sql_59d_0.MAI' (Errcode: 2) select * from index_db where titl like '%คู่มือวิทยากรเรื่องการให้การปรึกษาทางจิตใจและสังคม / จิตเวชขอนแก่น, โรงพยาบาล%' and mid<>'8354' order by rand() limit 3 mysqli: Can't create/write to file '/var/tmp/#sql_59d_0.MAI' (Errcode: 2) select * from index_db where subj like '%จิตเวช การรักษา.%' and mid<>'8354' order by rand() limit 3
ยังไม่เคยถูกคอมเมนท์
คอมเมนท์ทรัพยากรรายการนี้
JavaScript must be enabled in order for you to use Google Maps.
However, it seems JavaScript is either disabled or not supported by your browser.
To view Google Maps, enable JavaScript by changing your browser options, and then
try again.